000 00545nam a2200169Ia 4500
008 180921t2018 xxu||||| |||| 00| 0 sin d
041 _asin
080 _a8-31
_bට්වෙන්
100 _aට්වෙන්, මාර්ක්
245 _aටොම් සෝයර්
260 _bගොඩගේ
_aකොළඹ
_c2018
300 _aසෙ.මි.21, පි.136
700 _aදිනුක මදුෂාන් වන්නිනායක
_eපරි.
942 _cBK
999 _c11150
_d11150
003 LK-CoDNM
040 _aLK-CoDNM
_dLK-CoDNM
_eLK-CoDNM